|
|
|
|
| LEADER |
00000nam0a2200000 4500 |
| 001 |
132692 |
| 005 |
20231101220401.0 |
| 035 |
|
|
|a (RuTPU)RU\TPU\book\143684
|
| 090 |
|
|
|a 132692
|
| 100 |
|
|
|a 20080305d1958 k y0rusy50 ca
|
| 101 |
0 |
|
|a rus
|
| 102 |
|
|
|a RU
|
| 105 |
|
|
|a a z 101zy
|
| 200 |
1 |
|
|a Бор
|e труды конференции по химии бора и его соединений, декабрь, 1955 г. г. Москва
|
| 210 |
|
|
|a Москва
|c Госхимиздат
|d 1958
|
| 215 |
|
|
|a 190 с.
|c ил.
|
| 320 |
|
|
|a Библиография в конце статей
|
| 606 |
1 |
|
|a Бор
|x Химия
|2 stltpush
|3 (RuTPU)RU\TPU\subj\30066
|9 53253
|
| 610 |
1 |
|
|a соединения
|
| 610 |
1 |
|
|a термохимия
|
| 610 |
1 |
|
|a термодинамика
|
| 610 |
1 |
|
|a кристаллохимия
|
| 610 |
1 |
|
|a получение
|
| 610 |
1 |
|
|a бориды
|
| 610 |
1 |
|
|a борная кислота
|
| 675 |
|
|
|a 546.27(063)
|v 3
|
| 712 |
0 |
2 |
|a Бор
|b труды конференции по химии бора и его соединений
|e Москва
|f 1955
|
| 801 |
|
1 |
|a RU
|b 63413507
|c 20080305
|g PSBO
|
| 801 |
|
2 |
|a RU
|b 63413507
|c 20160201
|g PSBO
|
| 942 |
|
|
|c BK
|